00366cam a2200157ua 45000010005000000080039000050400009000440410008000530820008000611000028000692450045000972500009001422600027001513000010001786530020001889223150224n ii |||gr||||Z||||||eng cMAIN aeng a823 aSaxena, G. C.,eEditor.1 aVendor of sweetscEdited by G. C. Saxena a1st. aAgra:bLakshmi,c1984. a188p. aEnglish fiction